Cartoon Characters' Children Quiz Stats

 Plays Quiz Updated Nov 15, 2018

Challenge
Share
Tweet
Embed
Score 0/34 Timer 08:00
1 Play Today
Parent(s) Children % Correct
Peter & Lois GriffinStewie
90.2%
Peter & Lois GriffinMeg
84.7%
Barney & Betty RubbleBamm-Bamm
83.6%
Hugh & Judy NeutronJimmy
79.1%
Peter & Lois GriffinChris
75.7%
Stu & Didi PicklesTommy
71.7%
Richard & Regina RichRichie
64.7%
Stu & Didi PicklesDil
56.3%
George & Jane JetsonElroy
54.8%
George & Jane JetsonJudy
52%
Della DuckLouie
51.8%
Della DuckHuey
51.2%
Della DuckDewey
50%
Ned & Maude FlandersTodd
43.5%
Ned & Maude FlandersRod
41.7%
Hank & Peggy HillBobby
39.1%
Gerald & Sheila BroflovskiKyle
38.8%
Parent(s) Children % Correct
Gerald & Sheila BroflovskiIke
31%
David SevilleAlvin
28.2%
Professor UtoniumBubbles
27.8%
David SevilleTheodore
27.6%
David SevilleSimon
27.4%
Professor UtoniumButtercup
27.1%
Professor UtoniumBlossom
25.5%
Ray RocketOtto
21.2%
Ray RocketReggie
19.9%
Turanga Morris & Turanga MundaLeela
17.5%
Jake & Helen MorgendorfferDaria
9.5%
Carl & Sandra TennysonBen
9.2%
Thaddeus 'Rusty' VentureHank
7.2%
King Randor & Queen MarlenaPrince Adam
6.6%
Jake & Helen MorgendorfferQuinn
6.3%
Thaddeus 'Rusty' VentureDean
5.6%
King Randor & Queen MarlenaPrincess Adora
4.5%

You're not logged in!

Compare scores with friends on all Sporcle quizzes.
OR
Log In

You Might Also Like...

Show Comments

Extras

Top Quizzes Today


Score Distribution

Your Account Isn't Verified!

In order to create a playlist on Sporcle, you need to verify the email address you used during registration. Go to your Sporcle Settings to finish the process.

Report this User

Report this user for behavior that violates our Community Guidelines.

Details: